000 01040nam a2200313 i 4500
003 EG-GICUC
005 20260126131113.0
008 260126s1998 uk ||||fr ||| 00| 0 eng d
020 _a9041196633
040 _aEG-GICUC
_cEG-GICUC
_dEG-GICUC
_erda
_beng
041 0 _aeng
082 0 4 _221
_a341.79
_bPI . L
092 0 4 _221
099 _aLaw1 11 341.79 PI . L 1998
100 1 _aR.Pinto,Arthur
_eAuthor.
245 1 2 _aThe Legal Basis Of Corporate Governance In Publicly Held Corporations :
_bA Comparative Approach /
_hVolume 1 .
_cArthur R.Pinto .
264 0 _aUnited Kingdom :
_bKluwer Law International ,
_c1998 .
300 _a312 Pages;
_c30 cm.
336 _atext
_2rda content
337 _aComputer
_2rda media
338 _aOnline Resource
_2rda carrier
546 _aText in English
650 0 4 _aPublic international law
650 0 4 _aInternational commercial law
700 1 _aVisentini,Gustavo
_eAuthor.
856 _uhttps://fll.law.cu.edu.eg/fulltext/th/B11-06987.pdf
905 _a59
942 _2ddc
_cBK
_e21
_n0
999 _c59451
_d59451